<?xml version="1.0" encoding="UTF-8"?>
<record
    xmlns:xsi="http://www.w3.org/2001/XMLSchema-instance"
    xsi:schemaLocation="http://www.loc.gov/MARC21/slim http://www.loc.gov/standards/marcxml/schema/MARC21slim.xsd"
    xmlns="http://www.loc.gov/MARC21/slim">

  <leader>00890nab a22001817u 4500</leader>
  <controlfield tag="003">EC-PaCDF</controlfield>
  <controlfield tag="008">060603t20012001||||||||||||||||||||spa||</controlfield>
  <datafield tag="020" ind1=" " ind2=" ">
    <subfield code="c">Normal</subfield>
  </datafield>
  <datafield tag="041" ind1=" " ind2=" ">
    <subfield code="a">spa</subfield>
  </datafield>
  <datafield tag="082" ind1=" " ind2=" ">
    <subfield code="a">598.944</subfield>
    <subfield code="a">598.944</subfield>
  </datafield>
  <datafield tag="100" ind1=" " ind2=" ">
    <subfield code="a">Parker, P., Bollmer, J., Whiteman, N., Bednarz, J., Levenstein, K., de Vries, T., Lara, A., Jimenez, P.</subfield>
  </datafield>
  <datafield tag="245" ind1=" " ind2=" ">
    <subfield code="a">Diferenciaci&#xF3;n poblacional y demograf&#xED;a en el gavil&#xE1;n de Gal&#xE1;pagos (Buteo galapagoensis).</subfield>
    <subfield code="b"></subfield>
    <subfield code="c"></subfield>
  </datafield>
  <datafield tag="260" ind1=" " ind2=" ">
    <subfield code="a">Puerto Ayora, Ecuador</subfield>
    <subfield code="b">Estaci&#xF3;n Cient&#xED;fica Charles Darwin</subfield>
    <subfield code="c">2001</subfield>
  </datafield>
  <datafield tag="300" ind1=" " ind2=" ">
    <subfield code="a">: 1-6.</subfield>
    <subfield code="b">Art&#xED;culo</subfield>
  </datafield>
  <datafield tag="520" ind1=" " ind2=" ">
    <subfield code="a">Reporte de Salida al Campo, Parque Nacional Gal&#xE1;pagos</subfield>
  </datafield>
  <datafield tag="546" ind1=" " ind2=" ">
    <subfield code="a">Spanish</subfield>
  </datafield>
  <datafield tag="653" ind1=" " ind2=" ">
    <subfield code="a">Diferenciaci&#xF3;n poblacional y demograf&#xED;a en el gavil&#xE1;n de Gal&#xE1;pagos (Buteo galapagoensis).</subfield>
    <subfield code="a">Buteo galapagoensis, Gal&#xE1;pagos hawk, population, demography</subfield>
    <subfield code="a">Buteo galapagoensis, Gavil&#xE1;n de Gal&#xE1;pagos, poblaci&#xF3;n, demograf&#xED;a</subfield>
  </datafield>
  <datafield tag="999" ind1=" " ind2=" ">
    <subfield code="c">8050</subfield>
    <subfield code="d">8050</subfield>
  </datafield>
  <datafield tag="952" ind1=" " ind2=" ">
    <subfield code="0">0</subfield>
    <subfield code="4">0</subfield>
    <subfield code="7">0</subfield>
    <subfield code="8">GAL</subfield>
    <subfield code="a">EC-PaCDF</subfield>
    <subfield code="b">EC-PaCDF</subfield>
    <subfield code="c">ART</subfield>
    <subfield code="d">2006-06-03</subfield>
    <subfield code="l">0</subfield>
    <subfield code="o">598.944 PAR</subfield>
    <subfield code="p">G2003-054:1</subfield>
    <subfield code="r">2011-02-01 00:00:00</subfield>
    <subfield code="w">2011-02-01</subfield>
    <subfield code="y">ARTICLE</subfield>
  </datafield>
</record>
